| Tag |
First Indicator |
Second Indicator |
Subfields |
| LEADER |
00000cam a2200000Ka 4500 |
| 001 |
in00002762467 |
| 005 |
20210728124937.0 |
| 006 |
m d |
| 007 |
cr cnu---unuuu |
| 008 |
120827s2012 njua ob 001 0 eng d |
| 019 |
|
|
|a 808609288
|
| 020 |
|
|
|a 1118370740 (electronic bk.)
|
| 020 |
|
|
|a 1118370775 (electronic bk.)
|
| 020 |
|
|
|a 6613862207
|
| 020 |
|
|
|a 9781118370742 (electronic bk.)
|
| 020 |
|
|
|a 9781118370773 (electronic bk.)
|
| 020 |
|
|
|a 9786613862204
|
| 020 |
|
|
|z 111834183X
|
| 020 |
|
|
|z 9781118341834
|
| 035 |
|
|
|a (OCoLC)808366367
|z (OCoLC)808609288
|
| 035 |
|
|
|a (OCoLC)ocn808366367
|
| 035 |
|
|
|a 4019379
|
| 040 |
|
|
|a N$T
|c N$T
|d IDEBK
|d DG1
|d TXA
|d UtOrBLW
|
| 049 |
|
|
|a TXAM
|
| 050 |
|
4 |
|a TA169
|b .U84 2012eb
|
| 072 |
|
7 |
|a POL
|x 018000
|2 bisacsh
|
| 072 |
|
7 |
|a POL
|x 030000
|2 bisacsh
|
| 072 |
|
7 |
|a POL
|x 032000
|2 bisacsh
|
| 072 |
|
7 |
|a POL
|x 040000
|2 bisacsh
|
| 082 |
0 |
4 |
|a 320/.00452015192
|2 23
|
| 100 |
1 |
|
|a Ushakov, I. A.
|q (Igorʹ Alekseevich)
|0 http://id.loc.gov/authorities/names/n84237981
|
| 245 |
1 |
0 |
|a Probabilistic reliability models /
|c Igor Ushakov.
|
| 264 |
|
1 |
|a Hoboken, NJ :
|b Wiley,
|c [2012]
|
| 264 |
|
4 |
|c ©2012
|
| 300 |
|
|
|a 1 online resource (xvi, 232 pages) :
|b illustrations
|
| 336 |
|
|
|a text
|b txt
|2 rdacontent
|
| 337 |
|
|
|a computer
|b c
|2 rdamedia
|
| 338 |
|
|
|a online resource
|b cr
|2 rdacarrier
|
| 500 |
|
|
|a Electronic resource.
|
| 504 |
|
|
|a Includes bibliographical references and index.
|
| 520 |
|
|
|a "Combined with many important theoretical and practical concepts, this book addresses the various applications of probabilistic reliability modeling"--
|c Provided by publisher.
|
| 588 |
|
|
|a Description based on print version record.
|
| 650 |
|
0 |
|a Probabilities.
|0 http://id.loc.gov/authorities/subjects/sh85107090
|
| 650 |
|
0 |
|a Reliability (Engineering)
|x Mathematical models.
|0 http://id.loc.gov/authorities/subjects/sh2010110623
|
| 650 |
|
7 |
|a POLITICAL SCIENCE / Essays.
|2 bisacsh
|
| 650 |
|
7 |
|a POLITICAL SCIENCE / Government / General.
|2 bisacsh
|
| 650 |
|
7 |
|a POLITICAL SCIENCE / Government / National.
|2 bisacsh
|
| 650 |
|
7 |
|a POLITICAL SCIENCE / Reference.
|2 bisacsh
|
| 655 |
|
7 |
|a Electronic books.
|2 local
|
| 776 |
0 |
8 |
|i Print version:
|a Ushakov, I. A. (Igorʹ Alekseevich).
|t Probabilistic reliability models.
|d San Diego, CA : Wiley, c2012
|z 9781118341834
|w (DLC) 2012005946
|w (OCoLC)781681314
|
| 830 |
|
0 |
|a Wiley Online Library.
|
| 856 |
4 |
0 |
|u http://proxy.library.tamu.edu/login?url=https://dx.doi.org/10.1002/9781118370742
|z Connect to the full text of this electronic book
|t 0
|
| 948 |
|
|
|a cataloged
|b h
|c 2012/9/25
|d c
|e jlanham
|f 1:11:43 pm
|
| 994 |
|
|
|a C0
|b TXA
|
| 999 |
|
|
|a MARS
|
| 999 |
f |
f |
|s 396717a0-1f70-3398-bfb2-04033afec60d
|i 1dbf53c4-bb2c-3683-9d17-e2cbbc418d1b
|t 0
|
| 952 |
f |
f |
|a Texas A&M University
|b College Station
|c Electronic Resources
|d Available Online
|t 0
|e TA169 .U84 2012eb
|h Library of Congress classification
|
| 998 |
f |
f |
|a TA169 .U84 2012eb
|t 0
|l Available Online
|